Aristophane

Uloženo v:
Podrobná bibliografie
Hlavní autoři: Degani, Enzo (Autor), Gelzer, Thomas (Autor), Handley, Eric W (Autor), Bremer, J. M (Autor), Dover, Kenneth J (Autor), Zimmermann, Bernhard (Autor)
Další autoři: Loraux, Nicole (autora)
Médium: Kniha
Jazyk:němčina
angličtina
Vydáno: Génova Fondation Hardt 1991
Edice:Entretiens sur l'Antiquité Classique, 38
Témata:
Tagy: Přidat tag
Žádné tagy, Buďte první, kdo vytvoří štítek k tomuto záznamu!

MARC

LEADER 00000nam a2200000 a 4500
001 UCO5685
003 CL-VaPUC
008 000915e19910000IT |||||||||||||||||ger|d
041 0 7 |a ger  |2 CL-VaPUC 
041 0 7 |a eng  |2 CL-VaPUC 
082 0 4 |a 882.09  |b DEG  |2 21 
100 0 |a Degani, Enzo  |e author  |9 450424 
700 0 |a Gelzer, Thomas  |e author  |9 450425 
700 0 |a Handley, Eric W  |e author  |9 450426 
700 0 |a Bremer, J. M  |e author  |9 450427 
700 0 |a Dover, Kenneth J  |e author  |9 450428 
700 |a Loraux, Nicole  |e autora  |9 591413 
700 0 |a Zimmermann, Bernhard  |e author  |9 450430 
245 1 0 |a Aristophane 
300 |a 305 p 
942 |c BK 
945 |d 20000915 00:00:00  |a rbrito 
260 |a Génova  |b Fondation Hardt  |c 1991 
600 0 |a Aristófanes   |e autor  |9 341314 
650 7 |a LITERATURA GRIEGA  |2 CL-VaPUC  |9 258054 
650 0 |a Crítica e interpretación   |9 255042 
650 0 |a Crítica literaria   |9 269189 
583 |a last modification  |c 20000915 00:00:00  |k Rodrigo Vera 
490 0 |a Entretiens sur l'Antiquité Classique, 38 
999 |c 291525  |d 291523 
952 |0 0  |1 0  |4 0  |6 882_090000000000000_DEG_1991  |7 0  |8 X  |9 341422  |a BIBHIS  |b BIBHIS  |d 2019-11-20  |i 3642933  |o 882.09 DEG 1991  |p 3642933  |r 2024-01-30  |w 2019-11-20  |y BK_X  |k HIS